00537 a2200157 450000500170000001000150001702000300003203500140006203700130007608200110008924500650010026000550016527001100022030000220033070000270035220211220113148.0 aENG-130414 a978-93-86720-41-2c999.00 aEN-113946 bDBAD/PUB a000b1 aIBPS BANK PO:cEdited by Ganga PrasadbSolved Question Paper aGhaziabadbRathore Publishers & Distributorsc2019 aBasement 260, ShaktiKand-III, Indirapuram, GhazidabadbUttar Pradeshe201010mrathorepublishers@gmail.com a483p.c22cm (hbk) aEdited by Ganga Prasad